Statistiques concernant Rois et Empereurs de France

Cliquez ici pour prendre le quiz!

Statistiques générales

  • Ce quiz a été pris 99 268 fois
    (62 655 depuis la dernière actualisation)
  • Le résultat moyen est 11 sur 22

Statistiques - réponses

Nom% Correct
Louis
99%
Charles
95%
Napoléon
92%
Henri
86%
Clovis
82%
François
79%
Philippe
72%
Jean
60%
Hugues Capet
58%
Louis-Philippe
55%
Robert
48%
Dagobert
45%
Pépin
44%
Childéric
35%
Clotaire
33%
Thierry
25%
Chilpéric
24%
Carloman
23%
Eudes
22%
Lothaire
22%
Childebert
19%
Raoul
19%

Distribution des résultats

Percentile par nombre de réponses

% des personnes avec chaque résultat

Votre développement - résultats

Vous n’avez pas pris ce quiz depuis la dernière actualisation